000 00929cab a2200301 4500
001 ABS52285
008 090401t1995 xxu||||| |||| 00| 0 eng d
035 _a(Sirsi) u70818
041 _aeng
100 _aHall, S.
245 _aRight of way in shopping malls
260 _c1995
350 _a0
490 _aEstates Times
_v(1268) 24 February 1995, 6(1)
520 _aConsiders public rights of way through shopping centres and pedestrianised areas in the light of "CIN Properties v Rawlins" CA 1995 (see WB3107-18).
650 _aHIGHWAYS ACT 1971 S18(1)
650 _aHIGHWAYS ACT 1980 S35
650 _aPEDESTRIANISATION
650 _aPUBLIC ACCESS
650 _aRIGHTS OF WAY
650 _aSHOPPING CENTRES
650 _aSWANSGATE SHOPPING CENTRE
650 _aWALKWAYS AGREEMENT
650 _aWELLINGBOROUGH
690 _aHIGHWAYS RIGHTS OF WAY AND EASEMENTS
942 _n0
948 _c04/03/1997
999 _c44600
_d44600